<?xml version="1.0" encoding="UTF-8"?>
<marc:record xmlns:marc="http://www.loc.gov/MARC21/slim">
   <marc:leader>00000nam a2200000 a 4500</marc:leader>
   <marc:datafield ind1="1" ind2=" " tag="100">
      <marc:subfield code="a">Pregenzer, Brigitte</marc:subfield>
      <marc:subfield code="4">aut</marc:subfield>
      <marc:subfield code="e">Verfasser/-in</marc:subfield>
   </marc:datafield>
   <marc:datafield ind1="0" ind2="0" tag="245">
      <marc:subfield code="a">Einfach gesund - das Hildegard von Bingen Gesundheitsbuch</marc:subfield>
   </marc:datafield>
   <marc:datafield ind1="0" ind2="0" tag="245">
      <marc:subfield code="b">mit der Heilkraft der Natur Krankheiten und Beschwerden wirksam behandeln : mit Sonderteil Frauengesundheit</marc:subfield>
   </marc:datafield>
   <marc:datafield ind1="0" ind2="0" tag="245">
      <marc:subfield code="c">Brigitte Pregenzer</marc:subfield>
   </marc:datafield>
   <marc:datafield ind1=" " ind2="1" tag="264">
      <marc:subfield code="a">Innsbruck</marc:subfield>
      <marc:subfield code="b">Tyrolia</marc:subfield>
      <marc:subfield code="c">2024</marc:subfield>
   </marc:datafield>
   <marc:datafield ind1="1" ind2=" " tag="520">
      <marc:subfield code="a">Hildegard von Bingen hat einen großen Schatz an Heilmitteln und Behandlungstipps hinterlassen. Dieses Wissen und die eigene jahrelange Erfahrung hat Brigitte Pregenzer in diesem Buch zusammengefasst.&#xD;
Der seit Jahren bewährte und nun grundlegend überarbeitete Gesundheitsratgeber ist praxisnah und anwenderfreundlich gestaltet und empfiehlt Heilmittel, die einfach zu beziehen und leicht anzuwenden sind. Alle wichtigen Krankheitsbilder – von Allergien bis Zahnweh – und Heilmittel – von Andorn bis Zitwer – sind aufgelistet. Neben der „Hildegard-Apotheke für Einsteiger“ und Hinweisen zum richtigen Fasten und der wohltuenden Lebensführung nach den sechs goldenen Lebensregeln enthält dieser Ratgeber nun auch ein ausführliches Kapitel zum Thema Frauengesundheit und ein erweitertes Kapitel zur gesunden Ernährung. Ein ausführliches Stichwortverzeichnis erleichtert die Suche nach den richtigen Mitteln.</marc:subfield>
   </marc:datafield>
   <marc:datafield ind1=" " ind2=" " tag="020">
      <marc:subfield code="a">9783702241759</marc:subfield>
      <marc:subfield code="9">9783702241759</marc:subfield>
   </marc:datafield>
   <marc:datafield ind1=" " ind2=" " tag="041">
      <marc:subfield code="a">ger</marc:subfield>
   </marc:datafield>
   <marc:datafield ind1=" " ind2=" " tag="300">
      <marc:subfield code="a">343 Seiten</marc:subfield>
   </marc:datafield>
</marc:record>
